| 000 | 00000cam 2200000zi 4500 |
| 001 | 9.872035 |
| 003 | CaOODSP |
| 005 | 20260225081531 |
| 006 | m o d f |
| 007 | cr ||||||||||| |
| 008 | 190425t20192019quc ob f000 0 eng d |
| 040 | |aCaOODSP|beng|erda|cCaOODSP |
| 043 | |an-cn--- |
| 086 | 1 |aP29-4-3-24-2019E-PDF |
| 245 | 00|aAviation turbine fuel (military grades F-34, F-37 and F-44) / |cprepared by the Canadian General Standards Board. |
| 250 | |a[May 2019 edition]. |
| 264 | 1|aGatineau, Canada : |bCanadian General Standards Board, |c2019. |
| 264 | 4|c©2019 |
| 300 | |a1 online resource (i, 16 pages) |
| 336 | |atext|btxt|2rdacontent |
| 337 | |acomputer|bc|2rdamedia |
| 338 | |aonline resource|bcr|2rdacarrier |
| 490 | 1 |aCGSB standard ; |vno. 3-24-2019 |
| 500 | |a“Corrigendum No. 1 May 2019.” |
| 500 | |a"Experience and excellence"--Cover. |
| 500 | |aSupersedes CGSB-3.24-2018. |
| 500 | |aIssued also in French under title: Carburéacteur d'aviation (grades militaires F-34, F-37 et F-44). |
| 504 | |aIncludes bibliographical references. |
| 520 | |a"This standard applies to three grades of aviation turbine fuel (military grades F-34, F-37 as its equivalent, and F-44) consisting of conventional hydrocarbons, synthetic hydrocarbons, naturally occurring non-hydrocarbons and additives as specified herein"--Scope, page 1. |
| 650 | 0|aJet planes|xFuel|xStandards|zCanada. |
| 710 | 2 |aCanadian General Standards Board, |eissuing body. |
| 775 | 08|tCarburéacteur d'aviation (grades militaires F-34, F-37 et F-44) / |w(CaOODSP)9.872037 |
| 794 | |tAviation turbine fuel (military grades F-34, F-37 and F-44).|b[October 2020 edition]|w(CaOODSP)9.892313 |
| 795 | |tAviation turbine fuel (military grades F-34, F-37 and F-44) |b[April 2018 edition]|w(CaOODSP)9.855733 |
| 830 | #0|aCGSB standard ;|vno. 3-24-2019.|w(CaOODSP)9.840323 |
| 856 | 40|qPDF|s1.48 MB|uhttps://publications.gc.ca/collections/collection_2019/ongc-cgsb/P29-4-3-24-2019-eng.pdf|zCorrigendum No. 1 (May 2019) |
| 856 | 40|qPDF|s1.48 MB|uhttps://publications.gc.ca/collections/collection_2019/ongc-cgsb/P29-4-3-24-2019-1-eng.pdf|zCorrigendum No. 1 (May 2019) |
| 986 | |aICS 75.160.20 |